00370nam a22001457a 4500003000400000005001700004008004100021020001800062040001200080082002800092100001700120245004800137260003100185300000800216OSt20260406145142.0260406b |||||||| |||| 00| 0 eng d a9780143062226 cDonated 21sta658/MurbSBPIMD293 aMurthy,Sudha aWise & OtherwisebA Salute to LifehEnglish aDelhibPenguin Booksc2006 a220